000 00646cam a22002411 4500
001 7950128
005 20180307035216.0
008 740321s1959 njua b 000 0 eng
010 _a 59006531
015 _aGB59-8599
035 _a(OCoLC)837366
040 _aDLC
_cOClU
_dOCoLC
_dUk
_dDLC
041 _aeng
042 _apremarc
080 _a744.422 LUZ
082 _a744.422 LUZ
100 1 _a27
101 _aMEK
245 1 0 _aFundamentals of engineering drawing for technical students and professional draftsmen.
504 _aIncludes bibliography.
906 _a7
_bcbc
_coclcrpl
_du
_encip
_f19
_gy-gencatlg
942 _2ddc
_cBK
999 _c44263
_d44263